000 00256nam a2200109Ia 4500
008 190912s9999||||xx |||||||||||||| ||und||
100 _aJaved Rasool Maher
245 0 _aRang-w-Ahang
260 _aKarachi
_bRasool Matboaat
_c1995
300 _a200
942 _cBK
999 _c7077
_d7077